Fai comparire degli uccelli indovinando gli Stati - Statistics

Statistiche generali
  • Questo quiz è stato fatto 283 volte
  • Il punteggio medio è 13 su 24
Risposte nella Mappa
Le risposte nella mappa del quiz sottostante sono codificate secondo una scala di colori dal rosso al verde in base alla % di persone che hanno risposto correttamente.
 
Statistiche sulle risposte
# Risposta % Corretto
1816 Brasile
97%
1001 Argentina
89%
1285 Cina
89%
1210 India
83%
1861 Peru
79%
1100 Messico
78%
1863 Colombia
76%
1387 Venezuela
73%
1435 Bolivia
67%
1622 Ecuador
63%
1722 Indonesia
61%
Parrocchetto
58%
1110 Repubblica Democratica del Congo
57%
1058 Kenya
49%
936 Thailandia
45%
Colibrì
44%
1073 Tanzania
37%
884 Panama
35%
920 Angola
31%
914 Sudan
29%
998 Uganda
29%
Pulcinella di mare
21%
888 Camerun
20%
1034 Myanmar
18%
Nessun quiz corrispondente trovato
Distribuzione punteggi
Percentuale di utenti per punteggio
Percentile per numero di risposta
I tuoi punteggi nel tempo
Non hai fatto questo quiz